Tennis - Le top 20 du classement ATP au 1er janvier 2017 - Statistiques

Statistiques générales
  • Ce quiz a été pris 28 fois
  • Le résultat moyen est 17 sur 20
Statistiques - réponses
Rang Joueur Pays Âge Points % Correct
7 Gael Monfils France 30 3 625
100%
2 Novak Djokovic Serbie 29 11 780
100%
9 Rafael Nadal Espagne 30 3 300
100%
16 Roger Federer Suisse 35 2 130
100%
1 Andy Murray Royaume-Uni 29 12 410
96%
11 David Goffin Belgique 26 2 750
96%
8 Dominic Thiem Autriche 23 3 415
96%
12 Jo-Wilfried Tsonga France 31 2 550
96%
18 Richard Gasquet France 30 1 885
96%
4 Stan Wawrinka Suisse 31 5 315
96%
17 Grigor Dimitrov Bulgarie 25 2 035
92%
5 Kei Nishikori Japon 27 4 905
92%
6 Marin Cilic Croatie 28 3 650
92%
3 Milos Raonic Canada 26 5 450
79%
19 John Isner États-Unis 31 1 850
75%
14 Roberto Bautista Agut Espagne 28 2 350
67%
10 Tomas Berdych Tchéquie 31 3 060
67%
15 Lucas Pouille France 22 2 156
63%
13 Nick Kyrgios Australie 21 2 460
50%
20 Ivo Karlovic Croatie 37 1 795
17%
Aucun quiz correspondant
Distribution des résultats
% des personnes avec chaque résultat
Percentile par nombre de réponses
Votre historique - résultats
Vous n’avez pas pris ce quiz